Normal view MARC view

Entry Topical Term

Number of records used in: 1

001 - CONTROL NUMBER

  • control field: 53536

003 - CONTROL NUMBER IDENTIFIER

  • control field: OSt

005 - DATE AND TIME OF LATEST TRANSACTION

  • control field: 20250521110256.0

008 - FIXED-LENGTH DATA ELEMENTS

  • fixed length control field: 250521|| aca||aabn | a|a d

040 ## - CATALOGING SOURCE

  • Original cataloging agency: OSt
  • Transcribing agency: OSt

150 ## - HEADING--TOPICAL TERM

  • Topical term or geographic name entry element: Public ownership, De-privatisation, Local state,(re) Municipalisation, Embeddedness.

670 ## - SOURCE DATA FOUND

  • Source citation: Work cat.: (OSt): Paul, Franziska Christina 53535, The contested politics of de-privatisation and the shifting terrain of the local state: The case of the Ilm-Kreis, Thuringia, Germany

Powered by Koha